=LDR 00000nam 2200000 4500 =001 NUTBA000000000003739 =990 ##$$a 0001/BPAP-NTB/20142014 =005 20221206014542 =990 ##$$a 0001/BPAP-NTB/20142014 =035 ##$$a 0010-081400000000584 =990 ##$$a 0001/BPAP-NTB/20142014 =008 221206################g##########0#ind## =990 ##$$a 0001/BPAP-NTB/20142014 =020 ##$$a 978-979-29-0384-3 =990 ##$$a 0001/BPAP-NTB/20142014 =040 ##$$a NBPDMAT =990 ##$$a 0001/BPAP-NTB/2016 =082 ##$$a 658.15 =084 ##$$a 658.15 =090 ##$$a 658.15 $b Luk T =100 ##$$a Lukas Setia Atmaja =245 1#$$a Teori dan praktik manajemen keuangan /$c Lukas Setia Atmaja =250 ##$$a Cet. 1 =260 ##$$a Yogyakarta :$b Andi,$c 2008 =300 ##$$a viii, 458 hlm. : $b ilus ; $c 28 cm. =500 ##$$a Bibliografi : hlm. 458 =650 #4$$a Manajemen-keuangan =990 ##$$a 0001/BPAP-NTB/20142014 =990 ##$$a 0001/BPAP-NTB/20142014 =990 ##$$a 0001/BPAP-NTB/20142014 =990 ##$$a 0001/BPAP-NTB/20142014 =990 ##$$a 0001/BPAP-NTB/20142014 =990 ##$$a 0001/BPAP-NTB/2016 =990 ##$$a 0001/BPAP-NTB/2016 =990 ##$$a 0001/BPAP-NTB/20142014 =990 ##$$a 0001/BPAP-NTB/20142014 =990 ##$$a 0001/BPAP-NTB/20142014 =990 ##$$a 0001/BPAP-NTB/20142014 =990 ##$$a 0001/BPAP-NTB/20142014 =990 ##$$a 0001/BPAP-NTB/20142014 =990 ##$$a 0001/BPAP-NTB/20142014 =990 ##$$a 0001/BPAP-NTB/20142014 =990 ##$$a 0001/BPAP-NTB/20142014 =990 ##$$a 0001/BPAP-NTB/20142014 =990 ##$$a 0001/BPAP-NTB/2016 =990 ##$$a 0001/BPAP-NTB/20142014 =990 ##$$a 0001/BPAP-NTB/20142014 =990 ##$$a 0001/BPAP-NTB/20142014 =990 ##$$a 0001/BPAP-NTB/20142014 =990 ##$$a 0001/BPAP-NTB/20142014 =990 ##$$a 0001/BPAP-NTB/2016 =990 ##$$a 0001/BPAP-NTB/20142014 =990 ##$$a 0001/BPAP-NTB/20142014 =990 ##$$a 0001/BPAP-NTB/20142014 =990 ##$$a 0001/BPAP-NTB/20142014 =990 ##$$a 0001/BPAP-NTB/20142014 =990 ##$$a 0001/BPAP-NTB/2016